000 01069nac a22002897a 4500
001 BR8007538
003 BR-BrBNA
005 20240105114844.0
008 230509b bl.|||m| |||| 00| 0 por d
040 _aBR-BrBNA
_bpor
_cBiblioteca Nacional de Agricultura
072 _aC20
090 _aC20 BR8007538
110 1 _aEmpresa de Assistencia Tecnica e Extensao Rural do Estado do Amazonas, Manaus (Brasil)
_94036
245 1 _aPrograma de Assistencia Tecnica e Extensao Rural do Estado do Amazonas: janeiro a dezembro de 1981 [Brasil]
260 3 _aManaus, AM (Brasil):
_c1981.
300 _a57 p.
490 _aPrograma de Assistencia Tecnica e Extensao Rural do Estado do Amazonas - Empresa de Assistencia Tecnica e Extensao Rural do Estado do Amazonas (Brazil)
_v
_x
500 _a12 tables
650 _aEXTENSAO RURAL
650 _aDESENVOLVIMENTO RURAL
650 _aASSISTENCIA TECNICA
650 _aPEQUENO PRODUTOR
650 _aCREDITO RURAL
650 _aAMAZONAS
909 _a202312
_bLúcia Elande
_c55
_dLúcia Elande
942 _2AGRIS
_n0
_cMS
999 _c271686
_d271686